000 00497nam a2200181Ia 4500
008 240729s9999 xx 000 0 und d
022 _a2673-3153
245 0 _aFrontiers in Reproductive Health
260 _aSwitzerland
260 _bFrontiers Media S.A.
650 _a Biology (General)
650 _a Medicine (General)
650 _a Reproduction | Medicine
650 _aScience
856 _uhttps://doaj.org/toc/63b67a265b244bc1990db383562b72b1
942 _2ddc
942 _cDOAJEJ
999 _c67009
_d67009
945 _a1
_bMadushi Gamage
_c1
_dMadushi Gamage